S04-3 駅名クイズ - JR西日本(中国・四国) ver. - Statistics

General Stats
  • This quiz has been taken 87 times
  • The average score is 286 of 622
Answer Stats
Number Answer % Correct
| L01 | M01 | +5 others 岡山
98%
| B01 | G01 | +3 others 広島
98%
Y17
98%
東広島
95%
新山口
95%
小倉
95%
博多
95%
| W07 新倉敷
93%
| W14 | X14 福山
93%
新岩国
93%
新下関
93%
Y14
93%
新尾道
90%
| G16 | X20 | Y31 三原
90%
徳山
90%
V05 | W05 倉敷
90%
| R16 岩国
90%
宇部
90%
津山
90%
厚狭
88%
N04 | S04 東岡山
88%
L15 宇野
88%
小野田
85%
下関
85%
U10 | V07 総社
85%
| V18 新見
85%
三次
85%
B02 | R02 新白島
83%
鳥取
83%
米子
83%
長門市
83%
M12 児島
83%
V12 備中高梁
83%
博多南
83%
B14 可部
83%
X18 尾道
80%
G04 | Y04 海田市
80%
備後落合
80%
境港
80%
山口
80%
G17 | X19 糸崎
78%
B03 | R03 横川
78%
Y06
78%
78%
B16 あき亀山
78%
W13 東福山
76%
G07 瀬野
76%
R10 宮島口
76%
76%
倉吉
76%
出雲市
76%
益田
76%
76%
L08 | M08 茶屋町
76%
S09 和気
73%
G10 西条
73%
G08 八本松
73%
R07 廿日市
73%
宍道
73%
仙崎
73%
宇部新川
73%
美祢
73%
塩町
73%
R14 大竹
71%
防府
71%
幡生
71%
伯耆大山
71%
松江
71%
江津
71%
浜田
71%
Y25 竹原
71%
東津山
71%
W08 金光
68%
W11 笠岡
68%
R04 西広島
68%
L04 | M04 妹尾
68%
備中神代
68%
N06 西大寺
68%
智頭
68%
米子空港
68%
長門本山
68%
N02 | S02 西川原・就実
66%
R15 和木
66%
南岩国
66%
柳井
66%
Y16 新広
66%
Y09 呉ポートピア
66%
P06 下深川
66%
津和野
66%
S11 三石
63%
G03 | Y03 向洋
63%
G02 | Y02 天神川
63%
下松
63%
東萩
63%
L06 | M06 早島
63%
東城
63%
木次
63%
S07 万富
61%
V02 | W02 北長瀬
61%
西出雲
61%
L03 | M03 備前西市
61%
N13 備前片上
61%
U06 備中高松
61%
備後庄原
61%
P09 狩留家
61%
P08 上深川
61%
S06 瀬戸
59%
X17 東尾道
59%
R06 五日市
59%
R12 大野浦
59%
鳥取大学前
59%
安来
59%
L02 | M02 大元
59%
M11 上の町
59%
V06 清音
59%
P07 中深川
59%
府中
59%
郡家
59%
B08 大町
59%
S05 上道
56%
R05 新井口
56%
櫛ケ浜
56%
特牛
56%
N15 日生
56%
出雲横田
56%
B09 緑井
56%
湯田温泉
56%
雀田
56%
S10 吉永
54%
W10 里庄
54%
G05 安芸中野
54%
由宇
54%
大田市
54%
L05 | M05 備中箕島
54%
布原
54%
Y05 矢野
54%
中国勝山
54%
法界院
54%
備後西城
54%
上道
54%
B15 河戸帆待川
54%
S08 熊山
51%
N03 | S03 高島
51%
V03 | W03 庭瀬
51%
X15 備後赤坂
51%
玉造温泉
51%
P04 安芸矢口
51%
出雲坂根
51%
B11 梅林
51%
V04 | W04 中庄
49%
W12 大門
49%
X16 松永
49%
G15 本郷
49%
G12 白市
49%
柳井港
49%
新南陽
49%
温泉津
49%
生山
49%
根雨
49%
U09 東総社
49%
P02 矢賀
49%
W06 西阿知
46%
R08 宮内串戸
46%
R09 阿品
46%
R11 前空
46%
田布施
46%
小月
46%
東松江
46%
N09 長船
46%
八次
46%
西三次
46%
神辺
46%
西岩国
46%
G13 入野
44%
G06 中野東
44%
M09 植松
44%
M10 木見
44%
Y11 かるが浜
44%
居能
44%
美作落合
44%
N12 西片上
44%
亀甲
44%
U05 吉備津
44%
後藤
44%
川西
44%
上山口
44%
W09 鴨方
41%
G14 河内
41%
G11 西高屋
41%
R13 玖波
41%
厚東
41%
東山公園
41%
出雲神西
41%
梶栗郷台地
41%
L14 備前田井
41%
V08 豪渓
41%
V11 備中広瀬
41%
V14 備中川面
41%
Y28 忠海
41%
Y23 安芸津
41%
美作追分
41%
N16 寒河
41%
福渡
41%
誕生寺
41%
比婆山
41%
B10 七軒茶屋
41%
宮野
41%
長府
39%
岩美
39%
三保三隅
39%
小串
39%
川棚温泉
39%
L07 | M07 久々原
39%
L09 彦崎
39%
L10 備前片岡
39%
V10 美袋
39%
V13 木野山
39%
V15 方谷
39%
V16 井倉
39%
V17 石蟹
39%
Y15 安芸阿賀
39%
Y10 天応
39%
弓削
39%
津山口
39%
U02 備前三門
39%
U04 備前一宮
39%
U08 服部
39%
美作加茂
39%
B12 上八木
39%
勝間
39%
G09 寺家
37%
東浜
37%
伯耆溝口
37%
宇部岬
37%
南大嶺
37%
美作土居
37%
勝間田
37%
N14 伊里
37%
N11 伊部
37%
N08 邑久
37%
金川
37%
U03 大安寺
37%
坂根
37%
志和口
37%
P05 玖村
37%
P03 戸坂
37%
上下
37%
美作河井
37%
南宍道
37%
B05 安芸長束
37%
B06 下祇園
37%
日原
37%
戸田
34%
富海
34%
大道
34%
四辻
34%
湖山
34%
由良
34%
赤碕
34%
西浜田
34%
Y29 安芸幸崎
34%
Y12 吉浦
34%
美作大崎
34%
久世
34%
N05 大多羅
34%
備前原
34%
玉柏
34%
建部
34%
矢神
34%
野馳
34%
道後山
34%
井原市
34%
備後本庄
34%
那岐
34%
B04 三滝
34%
B07 古市橋
34%
小野田港
34%
通津
32%
神代
32%
大畠
32%
岩田
32%
島田
32%
嘉川
32%
青谷
32%
大山口
32%
滝部
32%
長門二見
32%
梅ケ峠
32%
綾羅木
32%
L11 迫川
32%
L13 八浜
32%
V09 日羽
32%
Y30 須波
32%
Y27 安芸長浜
32%
Y20 安登
32%
Y13 川原石
32%
Y08 小屋浦
32%
Y07 水尻
32%
上嘉川
32%
厚保
32%
美作江見
32%
院庄
32%
美作千代
32%
刑部
32%
N10 香登
32%
N07 大富
32%
牧山
32%
野々口
32%
小原
32%
内名
32%
小奴可
32%
備後三日市
32%
志和地
32%
吉田口
32%
上三田
32%
中三田
32%
博労町
32%
亀嵩
32%
B13 中島
32%
玖珂
32%
仁保
32%
藤生
29%
埴生
29%
浦安
29%
長門粟野
29%
L12 常山
29%
上石見
29%
黒坂
29%
江尾
29%
Y26 大乗
29%
Y24 吉名
29%
Y21 安浦
29%
東新川
29%
湯ノ峠
29%
長門湯本
29%
林野
29%
西勝間田
29%
佐良山
29%
U07 足守
29%
備後八幡
29%
下和知
29%
神杉
29%
甲立
29%
向原
29%
駅家
29%
因幡社
29%
出雲大東
29%
出雲三成
29%
周防高森
29%
周防下郷
29%
長門峡
29%
徳佐
29%
福川
27%
本由良
27%
宝木
27%
浜村
27%
27%
中山口
27%
乃木
27%
小田
27%
五十猛
27%
仁万
27%
下府
27%
須佐
27%
長門大井
27%
飯井
27%
長門古市
27%
阿川
27%
足立
27%
新郷
27%
武庫
27%
岸本
27%
Y22 風早
27%
Y19 安芸川尻
27%
Y18 仁方
27%
阿知須
27%
草江
27%
神目
27%
市岡
27%
平子
27%
七塚
27%
上川立
27%
白木山
27%
甲奴
27%
知和
27%
大篠津町
27%
油木
27%
上郷
27%
三谷
27%
南小野田
27%
浜河内
27%
末恒
24%
松崎
24%
下北条
24%
荒島
24%
直江
24%
石見福光
24%
波子
24%
石見津田
24%
木与
24%
奈古
24%
越ケ浜
24%
三見
24%
長門三隅
24%
黒井村
24%
吉見
24%
常盤
24%
楢原
24%
古見
24%
山ノ内
24%
備後矢野
24%
備後安田
24%
吉舎
24%
東郡家
24%
土師
24%
富士見町
24%
馬場崎町
24%
南大東
24%
三井野原
24%
欽明路
24%
周防久保
24%
周防花岡
24%
篠目
24%
青原
24%
福部
22%
下市
22%
御来屋
22%
淀江
22%
荘原
22%
江南
22%
都野津
22%
玉江
22%
黄波戸
22%
人丸
22%
伊上
22%
安岡
22%
周防佐山
22%
岩倉
22%
床波
22%
琴芝
22%
岩鼻
22%
四郎ケ原
22%
於福
22%
渋木
22%
板持
22%
月田
22%
丹治部
22%
横尾
22%
新市
22%
備後三川
22%
三良坂
22%
津ノ井
22%
用瀬
22%
美作滝尾
22%
加茂中
22%
幡屋
22%
出雲八代
22%
八川
22%
仁保津
22%
大歳
22%
地福
22%
船平山
22%
東青原
22%
石見横田
22%
長門長沢
22%
南中川
22%
大岩
20%
八橋
20%
揖屋
20%
波根
20%
久手
20%
馬路
20%
浅利
20%
折居
20%
岡見
20%
戸田小浜
20%
宇田郷
20%
宇賀本郷
20%
湯玉
20%
福江
20%
上菅
20%
深溝
20%
岐波
20%
丸尾
20%
重安
20%
坪井
20%
富原
20%
岩山
20%
湯田村
20%
万能倉
20%
近田
20%
戸手
20%
上戸手
20%
鵜飼
20%
中畑
20%
河佐
20%
梶田
20%
河原
20%
国英
20%
鷹狩
20%
高野
20%
三本松口
20%
河崎口
20%
弓ケ浜
20%
和田浜
20%
余子
20%
日登
20%
下久野
20%
高水
20%
生野屋
20%
矢原
20%
渡川
20%
鍋倉
20%
青野山
20%
本俣賀
20%
妻崎
20%
目出
20%
名和
17%
来待
17%
田儀
17%
静間
17%
湯里
17%
敬川
17%
久代
17%
周布
17%
江崎
17%
道上
17%
高木
17%
下川辺
17%
三浦
17%
中浜
17%
高松町
17%
柱野
17%
米川
17%
大河内
17%
名草
17%
黒松
15%
鎌手
15%
飯浦
15%
No matching quizzes found
Score Distribution
Percent of People with Each Score
Percentile by Number Answered
Your Score History
You have not taken this quiz